[Event "Nord-Est"]
[Site "?"]
[Date "2017.03.26"]
[Round "2"]
[White "Mohamed, Kéziah"]
[Black "Alfonsi, Romain"]
[Result "1-0"]
[WhiteElo "1010"]
[BlackElo "1160"]
[PlyCount "59"]
[EventDate "2017.03.26"]
[SourceDate "2017.03.26"]

1. e4 e5 2. Nf3 Nc6 3. Bb5 d6 (3... a6 4. Bxc6 (4. Ba4 Nf6 5. O-O Bc5 6. Nc3 b5
7. Bb3) 4... dxc6 5. Nxe5 Qd4 6. Nf3 Qxe4+) 4. Nc3 a6 5. Bxc6+ bxc6 6. d4 exd4
7. Nxd4 Bb7 8. Nf5 c5 9. O-O Bxe4 10. Nxe4 g6 11. Bg5 f6 12. Be3 gxf5 13. Qh5+
Kd7 14. Qxf5+ Ke7 15. Rad1 Nh6 16. Qh5 Nf7 17. Nxc5 Qb8 18. Nd3 Ne5 19. Nf4
Qxb2 20. Nd5+ Kd7 21. Qh3+ Kd8 22. Qh4 Nd7 23. Bd4 Qb7 24. Bxf6+ Nxf6 25. Qxf6+
Kd7 26. Qxh8 Be7 27. Qxh7 Re8 28. Rd2 c6 29. Nf6+ Kc7 30. Nxe8+ 1-0

[Event "Nord-Est"]
[Site "?"]
[Date "2017.03.26"]
[Round "2"]
[White "Réséda, Maéva"]
[Black "Sandjivy, Yann"]
[Result "1-0"]
[WhiteElo "1188"]
[BlackElo "1010"]
[PlyCount "41"]
[EventDate "2017.03.26"]
[SourceDate "2017.03.26"]

1. d4 e6 2. Bf4 Bb4+ 3. Nd2 Nf6 4. e3 O-O 5. Ngf3 Nc6 6. Bd3 Bxd2+ 7. Qxd2 Qe7
8. O-O-O Qb4 9. Qe2 Ne7 10. e4 Nh5 11. Bg3 Nxg3 12. hxg3 Ng6 13. Rh2 b6 14.
Rdh1 Bb7 15. e5 f6 16. Rxh7 Kf7 17. exf6 Kxf6 18. Bxg6 Kxg6 19. Ne5+ Kf6 20.
Rxg7 Ba6 21. Qf3+ 1-0

[Event "Nord-Est"]
[Site "?"]
[Date "2017.03.26"]
[Round "2"]
[White "Grondin, Elisa"]
[Black "Leccia, Thomas"]
[Result "0-1"]
[WhiteElo "1110"]
[BlackElo "1231"]
[PlyCount "114"]
[EventDate "2017.03.26"]
[SourceDate "2017.03.26"]

1. e4 e6 2. d4 d5 3. e5 c5 4. dxc5 Qc7 5. b4 Qxe5+ 6. Kd2 Qd4+ 7. Ke1 Qxa1 8.
Nd2 Nc6 9. Ne2 Qf6 10. g3 Nxb4 11. a3 Bxc5 12. f3 Nc6 13. c4 Ne5 14. Nf4 Ng6
15. cxd5 Nxf4 16. gxf4 Qxf4 17. Ne4 Qe5 18. Be2 Bb6 19. dxe6 fxe6 20. a4 a6 21.
Nd6+ Kf8 22. Nxc8 Rxc8 23. Ba3+ Bc5 24. Bxc5+ Qxc5 25. Qd7 Qc6 26. Qd4 Qc3+ 27.
Qxc3 Rxc3 28. Kf2 Nf6 29. Re1 Ke7 30. Rb1 Rc7 31. f4 Rf8 32. Rg1 Ke8 33. Re1
Nd5 34. Bh5+ Kd8 35. Rxe6 Nxf4 36. Rd6+ Rd7 37. Rxd7+ Kxd7 38. Bg4+ Ne6+ 39.
Ke3 Kd6 40. h4 Re8 41. Bh5 g6 42. Bf3 Ng5+ 43. Kf2 Nxf3 44. Kxf3 b5 45. axb5
axb5 46. Kg4 b4 47. Kg5 b3 48. Kh6 b2 49. Kxh7 b1=Q 50. h5 gxh5+ 51. Kh6 Qf5
52. Kg7 h4 53. Kh6 Qg4 54. Kh7 Rh8+ 55. Kxh8 h3 56. Kh7 h2 57. Kh8 h1=Q# 0-1

[Event "Nord-Est"]
[Site "?"]
[Date "2017.03.26"]
[Round "2"]
[White "Mercadal, Théo"]
[Black "Sandjivy, Jean-Marc"]
[Result "1-0"]
[WhiteElo "1633"]
[BlackElo "1293"]
[PlyCount "43"]
[EventDate "2017.03.26"]
[SourceDate "2017.03.26"]

1. c4 e5 2. Nc3 Nf6 3. g3 d5 4. cxd5 Nxd5 5. Bg2 Be6 6. d3 Nxc3 7. bxc3 Bd5 8.
Nf3 Qd6 9. O-O Nc6 10. c4 Be6 11. Nd2 O-O-O 12. Rb1 g6 13. Ne4 Qd4 14. Be3 Qxc4
15. dxc4 Rxd1 16. Rfxd1 Bxc4 17. Nc3 Bb4 18. Bxc6 Bxc3 19. Bxb7+ Kb8 20. Bc6+
Kc8 21. Bxa7 Bd4 22. Rb8# 1-0

[Event "Nord-Est"]
[Site "?"]
[Date "2017.03.26"]
[Round "2"]
[White "Bremond, Pierre"]
[Black "Hoareau-Fontaine, Clément"]
[Result "1-0"]
[WhiteElo "1493"]
[BlackElo "1099"]
[PlyCount "37"]
[EventDate "2017.03.26"]
[SourceDate "2017.03.26"]

1. d4 d5 2. c4 Nf6 3. Nf3 dxc4 4. Nc3 Nc6 5. e4 e6 6. Bxc4 Bb4 7. O-O Bxc3 8.
bxc3 O-O 9. Bg5 h6 10. Bh4 Qd6 11. e5 Qe7 12. exf6 gxf6 13. Re1 a6 14. Ne5 Na5
15. Qg4+ Kh8 16. Qh5 Qd6 17. Bxf6+ Kg8 18. Qg4+ Kh7 19. Qg7# 1-0

[Event "Nord-Est"]
[Site "?"]
[Date "2017.03.26"]
[Round "2"]
[White "Dazin, Nathan"]
[Black "Play, Gilles"]
[Result "0-1"]
[WhiteElo "1286"]
[BlackElo "1624"]
[PlyCount "80"]
[EventDate "2017.03.26"]
[SourceDate "2017.03.26"]

1. e4 e5 2. Nf3 Nc6 3. Bc4 Nf6 4. d3 Be7 5. Nc3 d6 6. h3 O-O 7. O-O Na5 8. Bb3
Nxb3 9. axb3 a6 10. Be3 b5 11. Nxb5 Bxh3 12. gxh3 axb5 13. Qe2 Qd7 14. Nh2 Qxh3
15. Qf3 Qxf3 16. Nxf3 Ng4 17. Rfb1 Nxe3 18. fxe3 g5 19. Kf2 Kg7 20. Rg1 Rxa1
21. Rxa1 h5 22. Rh1 Kg6 23. d4 g4 24. Nh4+ Bxh4+ 25. Rxh4 exd4 26. exd4 f5 27.
exf5+ Rxf5+ 28. Kg3 Rf3+ 29. Kg2 Kg5 30. Rh1 h4 31. Rh2 h3+ 32. Kg1 Kh4 33. Re2
Rf4 34. Re7 Kg3 35. Re3+ Rf3 36. Re1 h2+ 37. Kh1 Kh3 38. c4 g3 39. Rg1 Rf1 40.
d5 Rxg1# 0-1

[Event "Nord-Est"]
[Site "?"]
[Date "2017.03.26"]
[Round "2"]
[White "Siffert, Arman"]
[Black "Triton, Maxime"]
[Result "0-1"]
[WhiteElo "1307"]
[BlackElo "1644"]
[PlyCount "60"]
[EventDate "2017.03.26"]
[SourceDate "2017.03.26"]

1. e4 c5 2. Nf3 e6 3. c3 Nf6 4. d3 d5 5. e5 Nfd7 6. Bf4 Nc6 7. d4 Be7 8. Nbd2
O-O 9. Nb3 c4 10. Nbd2 b5 11. Be2 b4 12. O-O Rb8 13. Re1 g5 14. Bg3 g4 15. Bf1
gxf3 16. Qxf3 bxc3 17. bxc3 Bb7 18. Bf4 Kh8 19. Qh5 Rg8 20. Re3 Bg5 21. Rh3 Nf8
22. Bxg5 Qxg5 23. Qd1 Ng6 24. Nf3 Qf5 25. Qd2 Nf4 26. Rh4 Ng6 27. Rh3 Nf4 28.
Rh4 Rg4 29. Rh6 Nxg2 30. Bxg2 Qxf3 0-1

[Event "Nors-Est"]
[Site "?"]
[Date "2017.03.26"]
[Round "2"]
[White "Laoussing, Stéphane"]
[Black "Chabas, Alain"]
[Result "0-1"]
[WhiteElo "1330"]
[BlackElo "1810"]
[PlyCount "110"]
[SourceDate "2017.03.26"]

1. c4 e5 2. Nc3 Nf6 3. e4 Bc5 4. Nf3 Ng4 5. d4 exd4 6. Nxd4 Qf6 7. Qxg4 Qxd4 8.
Be3 Qe5 9. Bxc5 Qxc5 10. Qxg7 Rf8 11. Nd5 Nc6 12. Nxc7+ Kd8 13. Nxa8 Re8 14.
Qf6+ Re7 15. O-O-O b5 16. Rd5 Qb4 17. Qxc6 Rxe4 18. Qc7+ Ke7 19. Qc5+ Qxc5 20.
Rxc5 Bb7 21. Rxb5 Bxa8 22. Bd3 Rd4 23. Re1+ Kf6 24. Rf5+ Kg6 25. Rf4+ Rxd3 26.
Rd1 Rxd1+ 27. Kxd1 Bc6 28. g3 h5 29. h4 f5 30. a3 a5 31. Kd2 a4 32. Kc3 Kf6 33.
Kd4 Ke6 34. g4 fxg4 35. Rf8 Bf3 36. Rh8 g3 37. fxg3 Bg4 38. Ra8 Bd1 39. Kc5 Kf5
40. Kb4 Kg4 41. Rd8 Kxg3 42. Rxd7 Bg4 43. Kxa4 Bxd7+ 44. Ka5 Kxh4 45. b4 Kg4
46. b5 Bf5 47. b6 Be4 48. Ka6 h4 49. c5 h3 50. b7 Bxb7+ 51. Kxb7 h2 52. c6 h1=Q
53. a4 Qb1+ 54. Kc7 Qb4 55. Kd8 Qd6+ 0-1

[Event "Nord-Est"]
[Site "?"]
[Date "2017.03.26"]
[Round "2"]
[White "Andriandaza, Tombo Omar"]
[Black "Padre, Maxime"]
[Result "1-0"]
[WhiteElo "1694"]
[BlackElo "1307"]
[PlyCount "91"]
[SourceDate "2017.03.26"]

1. Nf3 Nf6 2. d3 g6 3. e4 d6 4. g3 Bg7 5. Bg2 O-O 6. O-O c5 7. e5 dxe5 8. Nxe5
Nbd7 9. Nf3 a6 10. Nc3 b5 11. Ne5 Nxe5 12. Bxa8 Bh3 13. Bg2 Bxg2 14. Kxg2 Qa8+
15. f3 Nc6 16. Ne4 Nxe4 17. dxe4 Rd8 18. Qe2 Nd4 19. Qf2 c4 20. c3 Nc6 21. Bf4
Be5 22. Rad1 Bxf4 23. gxf4 Qb8 24. Qc5 Qxf4 25. Rxd8+ Nxd8 26. Qc8 Qd2+ 27. Rf2
Qd6 28. Qa8 Kg7 29. Qd5 Qf6 30. Kg3 Ne6 31. f4 h5 32. h4 Nc7 33. Qd4 Kf8 34.
Rd2 Qxd4 35. Rxd4 Ke8 36. f5 a5 37. Kf4 gxf5 38. exf5 f6 39. Rd2 a4 40. a3 Na6
41. Ke4 Nc5+ 42. Kd5 Nd3 43. Kc6 Ne5+ 44. Kxb5 Nf3 45. Rf2 Nxh4 46. Kxa4 1-0

[Event "Nord-Est"]
[Site "?"]
[Date "2017.03.26"]
[Round "2"]
[White "Travers, Christophe"]
[Black "Muller, Sébastien"]
[Result "1-0"]
[WhiteElo "1841"]
[BlackElo "1431"]
[PlyCount "117"]
[SourceDate "2017.03.26"]

1. d4 Nf6 2. c4 g6 3. Nc3 d5 4. e3 Bg7 5. Nf3 O-O 6. Be2 c6 7. O-O a6 8. h3 b5
9. cxb5 axb5 10. b4 Na6 11. Qb3 Qd6 12. Ba3 h6 13. Rac1 Be6 14. Ne5 Ne4 15. Nf3
g5 16. Qc2 Bf5 17. Nxe4 dxe4 18. Nd2 Nb8 19. Nb1 Qd5 20. Qd2 Be6 21. Rc2 f5 22.
f3 Nd7 23. fxe4 fxe4 24. Rxf8+ Rxf8 25. Nc3 Qf5 26. Qe1 Qg6 27. Bd1 h5 28. Rf2
g4 29. hxg4 Bxg4 30. Rxf8+ Bxf8 31. Qg3 Bh6 32. Bb3+ Kh7 33. d5 Qg5 34. dxc6
Ne5 35. Bc2 Nd3 36. Nxe4 Qd5 37. Nf2 Bf5 38. e4 Bxe4 39. Bxd3 Bxd3 40. Qxd3+
Qxd3 41. Nxd3 Be3+ 42. Kf1 Bb6 43. Bb2 Kg6 44. Nf4+ Kg5 45. Nd5 Bd8 46. Nxe7
Bc7 47. Bf6+ Kf4 48. Nd5+ Kf5 49. Nxc7 Kxf6 50. Nxb5 Ke6 51. Ke2 h4 52. Ke3 Ke7
53. Ke4 Ke6 54. Kd4 Ke7 55. Kc5 Kd8 56. c7+ Kd7 57. Kb6 h3 58. gxh3 Kc8 59.
Na7+ 1-0

[Event "Nord-Est"]
[Site "?"]
[Date "2017.03.26"]
[Round "2"]
[White "Dace, Emeric"]
[Black "Laoussing, Mathis"]
[Result "1/2-1/2"]
[WhiteElo "1618"]
[BlackElo "1285"]
[PlyCount "172"]
[SourceDate "2017.03.26"]

1. Nf3 d5 2. b3 Nc6 3. Bb2 Bf5 4. e3 e6 5. Bb5 Nge7 6. Nd4 a6 7. Nxf5 Nxf5 8.
Bxc6+ bxc6 9. d3 Qg5 10. g3 Bd6 11. Nd2 O-O 12. Qf3 Be7 13. h4 Qg6 14. Ke2 c5
15. Rag1 d4 16. e4 Nd6 17. Bc1 Nb5 18. Nb1 h6 19. g4 Qf6 20. Qxf6 Bxf6 21. g5
hxg5 22. hxg5 Be7 23. Rh3 g6 24. Rgh1 f5 25. a4 Nd6 26. Rh8+ Kf7 27. R1h7+ Ke8
28. Rxf8+ Bxf8 29. e5 Nf7 30. f4 Ke7 31. Ba3 Ke8 32. Nd2 Rc8 33. Nf3 Be7 34.
Bc1 Kf8 35. Bd2 Kg8 36. Rh1 Kg7 37. c3 dxc3 38. Bxc3 Rb8 39. Rb1 Nd8 40. d4 Nc6
41. dxc5 Bxc5 42. Kd3 Nb4+ 43. Kc4 Nd5 44. Bd2 Bb4 45. Bc1 Rh8 46. Nd4 Kf7 47.
Rb2 Rh1 48. Rc2 Ba3 49. Bd2 Nb6+ 50. Kd3 Rh3+ 51. Ke2 Nd5 52. Nf3 Rg3 53. Kf2
Rg4 54. Nh2 Rh4 55. Kg3 Rh7 56. Rc6 Rh8 57. Rxa6 Rb8 58. a5 Rxb3+ 59. Nf3 Bb4
60. Bxb4 Nxb4 61. Ra8 c5 62. a6 Ra3 63. a7 Nc6 64. Kf2 Nxa7 65. Nh4 c4 66. Ke2
Ra2+ 67. Kd1 Nb5 68. Rxa2 Nc3+ 69. Kc2 Nxa2 70. Kb2 Nb4 71. Kc3 Nd5+ 72. Kxc4
Nxf4 73. Kd4 Ke7 74. Kc5 Kd7 75. Kb5 Nd3 76. Nxg6 f4 77. Kc4 Nf2 78. Nxf4 Ng4
79. Kd4 Ke7 80. Ke4 Kf7 81. g6+ Kg7 82. Nxe6+ Kxg6 83. Nf4+ Kf7 84. e6+ Ke7 85.
Kd5 Nf6+ 86. Kc6 Nh5 1/2-1/2

[Event "Nord-Est"]
[Site "?"]
[Date "2017.03.26"]
[Round "3"]
[White "Leccia, Thomas"]
[Black "Vanwaescappel, Simon"]
[Result "1-0"]
[WhiteElo "1231"]
[BlackElo "1009"]
[PlyCount "35"]
[EventDate "2017.03.26"]
[SourceDate "2017.03.26"]

1. e4 e5 2. Nf3 Nf6 3. Nc3 Nxe4 4. Nxe4 d5 5. Ng3 e4 6. Nd4 Be6 7. Nxe6 Qd6 8.
Nxf8 Qxf8 9. d4 Nc6 10. Be2 Nxd4 11. Qxd4 c5 12. Qxd5 e3 13. Bxe3 Rd8 14. Qxb7
a5 15. Qc6+ Rd7 16. Bxc5 Qg8 17. Rd1 f5 18. Qxd7# 1-0

[Event "Nord-Est"]
[Site "?"]
[Date "2017.03.26"]
[Round "3"]
[White "Houry, Emmanuel"]
[Black "Eric Andriana, Fitia"]
[Result "0-1"]
[WhiteElo "1030"]
[BlackElo "1278"]
[PlyCount "58"]
[EventDate "2017.03.26"]
[SourceDate "2017.03.26"]

1. e4 c5 2. Bc4 Nc6 3. Qf3 Nf6 4. d4 Nxd4 5. Qf4 Nxc2+ 6. Kf1 Nxa1 7. e5 g6 8.
exf6 exf6 9. Qe3+ Qe7 10. Qxe7+ Bxe7 11. Bh6 Nc2 12. Bg7 Rg8 13. Bh6 g5 14. Nf3
b6 15. h4 Bb7 16. Nbd2 Rc8 17. hxg5 Bxf3 18. Nxf3 Nd4 19. gxf6 Nxf3 20. gxf3
Bxf6 21. Ba6 Rc6 22. Bf4 Re6 23. Rxh7 Bxb2 24. Bc4 Rf6 25. Bb8 Rxf3 26. Bxa7
Bd4 27. Rh6 Rxf2+ 28. Ke1 Rg1+ 29. Bf1 Rgxf1# 0-1

[Event "Nord-Est"]
[Site "?"]
[Date "2017.03.26"]
[Round "3"]
[White "Houry, Raphaël"]
[Black "Vanwaescappel, Vincent"]
[Result "0-1"]
[WhiteElo "1190"]
[BlackElo "1099"]
[PlyCount "72"]
[EventDate "2017.03.26"]
[SourceDate "2017.03.26"]

1. e4 e5 2. Nc3 Nf6 3. Nf3 Nc6 4. Bc4 Bc5 5. d3 Ng4 6. Bg5 Ne7 7. h3 Nxf2 8.
Qd2 Nxh1 9. O-O-O Nf2 10. Re1 O-O 11. h4 Ng4 12. Rf1 Be3 13. Bxe3 d6 14. Ng5
Nh6 15. d4 Nc6 16. dxe5 Nxe5 17. Bd4 Nxc4 18. Qd3 d5 19. exd5 Nd6 20. Qf3 Bg4
21. Qg3 f6 22. Ne6 Bxe6 23. Be3 Nhf5 24. Qf3 Nxe3 25. Qxe3 Bg4 26. g3 Bh3 27.
Rf2 Re8 28. Qf3 Re1+ 29. Kd2 Qe8 30. Ne4 Rxe4 31. Rh2 Qd7 32. Qh5 Bg4 33. Qxh7+
Kxh7 34. h5 Rd4+ 35. Ke1 Qe7+ 36. Re2 Qxe2# 0-1

[Event "Nord-Est"]
[Site "?"]
[Date "2017.03.26"]
[Round "3"]
[White "Evrin, Selvam"]
[Black "Dace, Emeric"]
[Result "0-1"]
[WhiteElo "1487"]
[BlackElo "1618"]
[PlyCount "52"]
[EventDate "2017.03.26"]
[SourceDate "2017.03.26"]

1. e4 e6 2. d4 d5 3. Nc3 Nf6 4. e5 Nfd7 5. f4 c5 6. Nf3 Nc6 7. Be3 Qb6 8. a3
cxd4 9. Nxd4 Nxd4 10. Bxd4 Qc7 11. Qd2 a6 12. O-O-O Bc5 13. Bxc5 Nxc5 14. Bd3
d4 15. Ne4 Nb3+ 16. Kb1 Nxd2+ 17. Rxd2 O-O 18. h4 Bd7 19. h5 Bb5 20. g4 Bxd3
21. Rxd3 Rac8 22. Rd2 Qc6 23. Ng3 Rfd8 24. f5 Qf3 25. Rd3 Qg2 26. Rf1 Qxc2+ 0-1

[Event "Nord-Est"]
[Site "?"]
[Date "2017.03.26"]
[Round "3"]
[White "Eboué, Ihona"]
[Black "Siffert, Arman"]
[Result "0-1"]
[WhiteElo "1140"]
[BlackElo "1307"]
[PlyCount "140"]
[EventDate "2017.03.26"]
[SourceDate "2017.03.26"]

1. e4 e5 2. Nf3 Nc6 3. Bc4 Nf6 4. d4 exd4 5. Nxd4 Bc5 6. Bg5 Bxd4 7. c3 Be5 8.
O-O h6 9. Bxf6 Bxf6 10. Re1 O-O 11. Nd2 d6 12. h3 Be6 13. Bxe6 fxe6 14. Nc4 Kh8
15. Qh5 Bh4 16. Re2 Qg5 17. Qxg5 Bxg5 18. e5 d5 19. Na3 Rf5 20. Rae1 Raf8 21.
Nb5 Bh4 22. g3 Bd8 23. f4 a6 24. Nd4 Nxd4 25. cxd4 c6 26. a3 Bb6 27. Rd1 c5 28.
dxc5 Bxc5+ 29. Kg2 Bb6 30. Rc2 R5f7 31. b4 Rc7 32. Ra2 Rfc8 33. Rdd2 Rc1 34. h4
Rg1+ 35. Kh2 Rgc1 36. g4 Be3 37. Re2 Bxf4+ 38. Kg2 R1c3 39. Kf1 Re3 40. Rg2
Rxe5 41. h5 d4 42. Kf2 d3 43. Kf3 d2 44. Ra1 Rc1 45. Rxc1 dxc1=Q 46. Rf2 Qe3+
47. Kg2 Qxf2+ 48. Kxf2 Re3 49. g5 Kg8 50. g6 Kf8 51. a4 Ke7 52. b5 Kf6 53. bxa6
bxa6 54. a5 Kg5 55. Kg2 Kg4 56. Kf2 Rh3 57. Ke2 Bb8 58. Kd2 Kf4 59. Ke2 Bc7 60.
Kd2 Ke4 61. Kc2 Kd4 62. Kb2 Kc4 63. Kc2 Rh2+ 64. Kd1 Kc3 65. Ke1 Kd3 66. Kf1
Ke3 67. Kg1 Ra2 68. Kf1 Bb8 69. Kg1 Kf3 70. Kf1 Ra1# 0-1

[Event "Nord-Est"]
[Site "?"]
[Date "2017.03.26"]
[Round "3"]
[White "Padre, Maxime"]
[Black "Rebut, Paul"]
[Result "1-0"]
[WhiteElo "1307"]
[BlackElo "1122"]
[PlyCount "67"]
[EventDate "2017.03.26"]
[SourceDate "2017.03.26"]

1. Nf3 Nf6 2. d3 d5 3. c4 c6 4. b3 g6 5. Bb2 Bg7 6. g3 Bf5 7. Nc3 O-O 8. Bg2
Nbd7 9. O-O e5 10. Re1 e4 11. dxe4 dxe4 12. Nd4 Nc5 13. Nxf5 gxf5 14. b4 Ne6
15. e3 c5 16. b5 a6 17. a4 axb5 18. axb5 Rxa1 19. Qxa1 Ng4 20. h3 Ne5 21. Rd1
Qc7 22. Nd5 Qb8 23. Bxe5 Bxe5 24. Qa2 Nc7 25. Ne7+ Kg7 26. Nxf5+ Kf6 27. Bxe4
Rg8 28. f4 Bc3 29. Rd6+ Ne6 30. Qc2 Ba1 31. Qc1 Rxg3+ 32. Nxg3 Qxd6 33. Qxa1+
Ke7 34. Nf5+ 1-0

[Event "Nord-Est"]
[Site "?"]
[Date "2017.03.26"]
[Round "3"]
[White "Muller, Sébastien"]
[Black "Reseda, Maéva"]
[Result "1-0"]
[WhiteElo "1441"]
[BlackElo "1188"]
[PlyCount "59"]
[EventDate "2017.03.26"]
[SourceDate "2017.03.26"]

1. e4 e6 2. Nf3 Nf6 3. e5 Nd5 4. d4 f6 5. c4 Nb6 6. b3 Be7 7. a4 d5 8. c5 N6d7
9. b4 O-O 10. h4 fxe5 11. dxe5 Nc6 12. Bd2 Ndxe5 13. Bc3 Nxf3+ 14. gxf3 d4 15.
Bd2 e5 16. h5 h6 17. Rg1 Bg5 18. Bxg5 hxg5 19. Qd3 Bf5 20. Qd2 g4 21. fxg4 Be6
22. Bd3 Ne7 23. h6 g6 24. h7+ Kh8 25. Qg5 Qe8 26. Qxe5+ Kxh7 27. Rh1+ Kg8 28.
Rh8+ Kf7 29. Rh7+ Kg8 30. Qg7# 1-0

[Event "Nord-Est"]
[Site "?"]
[Date "2017.03.26"]
[Round "3"]
[White "Carballar, Eric"]
[Black "Mohamed, Kéziah"]
[Result "0-1"]
[WhiteElo "1330"]
[BlackElo "1010"]
[PlyCount "96"]
[EventDate "2017.03.26"]
[SourceDate "2017.03.26"]

1. e4 e5 2. Nf3 Nc6 3. Bb5 d6 4. d4 a6 5. Bxc6+ bxc6 6. dxe5 d5 7. Qd3 Be6 8.
O-O c5 9. c4 d4 10. Nbd2 Bg4 11. a3 a5 12. Qb3 a4 13. Qb5+ Bd7 14. Qb7 Bg4 15.
b3 axb3 16. Qxb3 Rb8 17. Qd3 Bxf3 18. Qxf3 Qe7 19. Qg3 g6 20. a4 Bg7 21. f4 Qd7
22. a5 d3 23. Rf3 Qd4+ 24. Qf2 Qxa1 25. Nb3 Rxb3 26. Qd2 Qb1 27. Rf1 f6 28. Ba3
Qc2 29. Qxc2 dxc2 30. Bxc5 Rc3 31. Be3 Rxe3 32. Ra1 Rc3 33. Rc1 Kd8 34. a6 Kc8
35. f5 fxe5 36. fxg6 hxg6 37. h3 Nf6 38. Kh2 Nxe4 39. g4 Nc5 40. a7 Kb7 41. Ra1
c1=Q 42. Rxc1 Rxc1 43. Kg3 g5 44. h4 gxh4+ 45. Kh3 Rc3+ 46. Kh2 Rd8 47. Kg2
Rd2+ 48. Kf1 Rc1# 0-1

[Event "Nord-Est"]
[Site "?"]
[Date "2017.03.26"]
[Round "3"]
[White "Carballar, Alexandre"]
[Black "Dazin, Nathan"]
[Result "0-1"]
[WhiteElo "1116"]
[BlackElo "1286"]
[PlyCount "124"]
[EventDate "2017.03.26"]
[SourceDate "2017.03.26"]

1. Nf3 b6 2. d3 Nc6 3. e4 e5 4. g3 Bb7 5. Bg2 Nf6 6. O-O Be7 7. Nbd2 d6 8. Re1
Qd7 9. Nf1 O-O-O 10. h4 Rdg8 11. Ng5 Qe8 12. Bh3+ Kb8 13. Nh2 h6 14. Ngf3 Bc8
15. Bxc8 Qxc8 16. Be3 Ng4 17. Nxg4 Qxg4 18. Nh2 Qh3 19. Qg4 Qxg4 20. Nxg4 h5
21. Nh2 g5 22. Bxg5 Bxg5 23. hxg5 Rxg5 24. Nf3 Rg7 25. Nh4 Rg4 26. Kh2 Nd4 27.
Rac1 Rhg8 28. Re3 R4g5 29. Nf3 Nxf3+ 30. Rxf3 Rh8 31. Kg2 h4 32. Rh1 Rgh5 33.
Rxh4 Rxh4 34. gxh4 Rxh4 35. Rxf7 Rg4+ 36. Kf1 Rh4 37. Rg7 Rf4 38. Ke2 Kb7 39.
Ke3 a5 40. a4 Rh4 41. f3 Rh2 42. f4 exf4+ 43. Kxf4 Rxc2 44. e5 dxe5+ 45. Kxe5
Rd2 46. d4 Rc2 47. d5 Rc5 48. Ke6 Ka6 49. Kd7 b5 50. Rg6+ Kb7 51. axb5 Rxd5+
52. Ke6 Rd6+ 53. Kf5 Rxg6 54. Kxg6 Kb6 55. Kf5 Kxb5 56. Ke4 Kb4 57. Kd3 c5 58.
Kc2 Kc4 59. Kb1 Kd3 60. Kc1 c4 61. Kd1 c3 62. Kc1 c2 0-1

[Event "Nord-Est"]
[Site "?"]
[Date "2017.03.26"]
[Round "3"]
[White "Chabas, Alain"]
[Black "Mercadal, Théo"]
[Result "1/2-1/2"]
[WhiteElo "1810"]
[BlackElo "1633"]
[PlyCount "61"]
[EventDate "2017.03.26"]
[SourceDate "2017.03.26"]

1. e4 e5 2. f4 exf4 3. Nf3 Be7 4. Bc4 Bh4+ 5. g3 fxg3 6. O-O gxh2+ 7. Kh1 d6 8.
Bxf7+ Kxf7 9. Nxh4+ Nf6 10. d3 Rf8 11. Nc3 Kg8 12. Bg5 Nbd7 13. Nf5 Nb6 14. Qf3
Bxf5 15. exf5 c6 16. Ne4 Kh8 17. Rf2 d5 18. Nxf6 gxf6 19. Bf4 Qd7 20. Rxh2 Qxf5
21. Rh5 Qd7 22. Bh6 Rf7 23. Rg1 Rg8 24. Rxg8+ Kxg8 25. Rf5 Qe6 26. Qg4+ Kh8 27.
Qf4 Nd7 28. Qc7 Kg8 29. Qg3+ Kh8 30. Qc7 Kg8 31. Qg3+ 1/2-1/2

[Event "Nord-Est"]
[Site "?"]
[Date "2017.03.26"]
[Round "3"]
[White "Sandjivy, Yann"]
[Black "Grondin, Elisa"]
[Result "0-1"]
[WhiteElo "1010"]
[BlackElo "1110"]
[PlyCount "64"]
[EventDate "2017.03.26"]
[SourceDate "2017.03.26"]

1. e4 e5 2. Nf3 Nc6 3. Bc4 Nf6 4. Ng5 d5 5. exd5 Nxd5 6. Bxd5 Qxd5 7. Nc3 Qxg2
8. Qe2 Qxh1+ 9. Qf1 Qxf1+ 10. Kxf1 f6 11. Nge4 f5 12. Ng5 h6 13. Ne6 Bxe6 14.
Nb5 O-O-O 15. d3 a6 16. Nc3 f4 17. Ne4 Bh3+ 18. Ke1 Nd4 19. c3 Nc2+ 20. Kd2
Nxa1 21. Nc5 Bxc5 22. d4 exd4 23. cxd4 Rxd4+ 24. Kc3 Rd1 25. Bxf4 Rf8 26. Bg3
Rf3+ 27. Kc4 Rd6 28. Kxc5 Rf5+ 29. Kc4 Re6 30. Kc3 Re4 31. Kd2 Rd5+ 32. Kc1
Re1# 0-1

[Event "Nord-Est"]
[Site "?"]
[Date "2017.03.26"]
[Round "3"]
[White "Philips, Liam"]
[Black "Eboué, Yuri"]
[Result "0-1"]
[WhiteElo "1009"]
[BlackElo "1220"]
[PlyCount "71"]
[EventDate "2017.03.26"]
[SourceDate "2017.03.26"]

1. e4 e5 2. Bb5 c6 3. Ba4 b5 4. Bb3 Nf6 5. Nf3 Bc5 6. O-O O-O 7. Qe2 d6 8. d3
a5 9. Be3 Bxe3 10. Qxe3 Ng4 11. Qd2 a4 12. Nc3 axb3 13. cxb3 Na6 14. b4 Nxb4
15. Rad1 Nxa2 16. Nxa2 Rxa2 17. Ra1 Rxa1 18. Rxa1 d5 19. Rf1 dxe4 20. dxe4 Qxd2
21. Nxd2 c5 22. b4 cxb4 23. h4 Be6 24. h5 b3 25. Nxb3 Bxb3 26. Rb1 Bc4 27. Ra1
Nf6 28. Ra7 Nxh5 29. Rc7 Nf6 30. Re7 Nxe4 31. Rxe5 Nd2 32. Re2 Nb1 33. Rb2 Bd3
34. Re2 Bc4 35. Re1 g5 36. f3 0-1

[Event "Nord-Est"]
[Site "?"]
[Date "2017.03.26"]
[Round "3"]
[White "Hoareau-Fontaine, Clément"]
[Black "Attoumany, Julien"]
[Result "1-0"]
[WhiteElo "1099"]
[BlackElo "1009"]
[PlyCount "67"]
[EventDate "2017.03.26"]
[SourceDate "2017.03.26"]

1. e4 e5 2. Qh5 Nh6 3. Qxe5+ Be7 4. Qxg7 Bf8 5. Qxh8 Ng8 6. Qxg8 Qe7 7. Qxh7
Nc6 8. Nf3 Nd4 9. Nxd4 d6 10. Nf5 Bxf5 11. Qxf5 d5 12. d3 dxe4 13. dxe4 Qb4+
14. Bd2 Qxb2 15. Qe5+ Qxe5 16. Bc3 Qxe4+ 17. Be2 Qxc2 18. O-O Qxc3 19. Nxc3 Bb4
20. Nd5 c6 21. Nc7+ Kd8 22. Nxa8 Bc3 23. Rac1 Bd2 24. Rcd1 Ke7 25. Rxd2 c5 26.
Re1 c4 27. Bg4+ Kf6 28. Nc7 c3 29. Rd6+ Kg5 30. Bd1 c2 31. Bxc2 a5 32. Re5+ Kf4
33. Rc5 b6 34. Rd4# 1-0

[Event "Nord-Est"]
[Site "?"]
[Date "2017.03.26"]
[Round "3"]
[White "Sandjivy, Jean-Marc"]
[Black "Travers, Mathieu"]
[Result "1-0"]
[WhiteElo "1292"]
[BlackElo "1099"]
[PlyCount "55"]
[EventDate "2017.03.26"]
[SourceDate "2017.03.26"]

1. c4 e5 2. Nc3 Nc6 3. e3 Bc5 4. Nf3 Nf6 5. d4 Bd6 6. c5 Be7 7. dxe5 Ng4 8. Be2
Ncxe5 9. Nxe5 Nxe5 10. Nd5 O-O 11. Nxe7+ Qxe7 12. Qd5 d6 13. b4 b6 14. cxd6
cxd6 15. Qxa8 a6 16. Qd5 Nd7 17. Ba3 Qf6 18. O-O Qxa1 19. Rxa1 h6 20. b5 Nc5
21. bxa6 Bxa6 22. Bxa6 Nxa6 23. Qxd6 Kh7 24. Qxf8 f6 25. Rc1 Kg6 26. Rc6 h5 27.
Rxb6 Nc5 28. Bxc5 1-0

[Event "Nord-Est"]
[Site "?"]
[Date "2017.03.26"]
[Round "3"]
[White "Lorans, Sylvain"]
[Black "Bremond, Pierre"]
[Result "1-0"]
[WhiteElo "2190"]
[BlackElo "1490"]
[PlyCount "89"]
[EventDate "2017.03.26"]
[SourceDate "2017.03.26"]

1. d4 d5 2. Bf4 Nc6 3. e3 Nf6 4. Nf3 e6 5. Bb5 Bd6 6. Ne5 Bxe5 7. dxe5 Ne4 8.
Nd2 Nxd2 9. Qxd2 O-O 10. O-O Bd7 11. Bd3 Qe8 12. c3 Ne7 13. Bc2 Bb5 14. Rfe1
Rd8 15. a4 Ba6 16. Bg3 c5 17. b4 cxb4 18. cxb4 Bc4 19. Qd4 b6 20. b5 Qd7 21. e4
Rc8 22. Rac1 Rc5 23. Bb1 Rd8 24. Bh4 Bb3 25. Rxc5 bxc5 26. Qxc5 Rc8 27. Qxe7
Qxe7 28. Bxe7 dxe4 29. Bxe4 Bxa4 30. Bc6 Rc7 31. Bd6 Rc8 32. Ra1 Bc2 33. Rxa7
g5 34. Ra8 Rxa8 35. Bxa8 Bd3 36. b6 Ba6 37. b7 Bxb7 38. Bxb7 Kg7 39. Be7 Kg6
40. Be4+ Kg7 41. Bxg5 h6 42. Bf4 Kf8 43. Bc6 Kg8 44. g4 Kh7 45. h4 1-0

[Event "Nord-Est"]
[Site "?"]
[Date "2017.03.26"]
[Round "3"]
[White "Ethève, Lionel"]
[Black "Andriandaza, Tombo Omar"]
[Result "1/2-1/2"]
[WhiteElo "1565"]
[BlackElo "1694"]
[PlyCount "110"]
[EventDate "2017.03.26"]
[SourceDate "2017.03.26"]

1. Nf3 c5 2. g3 Nc6 3. Bg2 Nf6 4. d3 d5 5. Nbd2 e5 6. O-O Be7 7. e4 d4 8. Nc4
Qc7 9. Ne1 b5 10. Nd2 Bg4 11. f3 Bh5 12. a4 Qa5 13. Nb3 Qb6 14. axb5 Qxb5 15.
Qd2 a5 16. f4 O-O 17. fxe5 Nd7 18. e6 Nde5 19. Nxa5 Rxa5 20. Rxa5 Qxa5 21. Qxa5
Nxa5 22. Rf5 Bg6 23. Rxe5 f6 24. Rd5 Be8 25. Rf5 g6 26. Rf1 Kg7 27. Bd2 Nc6 28.
Nf3 Nd8 29. Bh3 Bc6 30. Nh4 Bd6 31. Ng2 g5 32. Ra1 Re8 33. Ra7+ Re7 34. Rxe7+
Bxe7 35. Bf5 Bb7 36. h4 h6 37. Kf2 Nc6 38. hxg5 hxg5 39. Ne1 Bd6 40. Nf3 Kf8
41. Nh2 Nb4 42. Bxb4 cxb4 43. Ng4 Kg7 44. Nh2 Bc6 45. Nf3 Bc5 46. Nd2 Bb5 47.
b3 Kf8 48. Kf3 Bd6 49. Nc4 Bc7 50. g4 Ke7 51. Nd2 Bf4 52. Nf1 Bc7 53. Ke2 Bf4
54. Nd2 Bd6 55. Nc4 Bc7 1/2-1/2